Coupe du Monde 2022: Liste de l'Équipe de France - Statistiques

Statistiques générales
  • Ce quiz a été pris 244 fois
    199 depuis la dernière actualisation
  • Le résultat moyen est 21 sur 25
Statistiques - réponses
Poste Joueur % Correct
Gardien Hugo Lloris
99%
Attaquant Antoine Griezmann
98%
Attaquant Kylian Mbappé
96%
Gardien Steve Mandanda
95%
Gardien Alphonse Aréola
94%
Défenseur Lucas Hernandez
93%
Défenseur Theo Hernandez
92%
Attaquant Olivier Giroud
90%
Défenseur Raphaël Varane
89%
Milieu Adrien Rabiot
88%
Milieu Aurélien Tchouaméni
87%
Défenseur Benjamin Pavard
87%
Défenseur Dayot Upamecano
87%
Attaquant Ousmane Dembélé
87%
Défenseur Ibrahima Konaté
82%
Attaquant Kingsley Coman
81%
Milieu Eduardo Camavinga
79%
Attaquant Randal Kolo Muani
78%
Attaquant Marcus Thuram
77%
Défenseur Jules Koundé
76%
Milieu Jordan Veretout
70%
Milieu Youssouf Fofana
68%
Milieu Mattéo Guendouzi
67%
Défenseur William Saliba
56%
Défenseur Axel Disasi
54%
Aucun quiz correspondant
Distribution des résultats
% des personnes avec chaque résultat
Percentile par nombre de réponses
Votre historique - résultats
Vous n’avez pas pris ce quiz depuis la dernière actualisation